UM Logo

Rizal: (Record no. 6689)

MARC details
000 -LEADER
fixed length control field 00483nam a22001577a 4500
008 - FIXED-LENGTH DATA ELEMENTS--GENERAL INFORMATION
fixed length control field 170425b xxu||||| |||| 00| 0 eng d
020 ## - INTERNATIONAL STANDARD BOOK NUMBER
International Standard Book Number 9715420575
082 ## - DEWEY DECIMAL CLASSIFICATION NUMBER
Edition number 1995
Classification number DFil 920
Item number Oc1
100 ## - MAIN ENTRY--PERSONAL NAME
9 (RLIN) 20267
Personal name Coates, Austin
245 ## - TITLE STATEMENT
Title Rizal:
Remainder of title makabayan at martir/
Statement of responsibility, etc. Austin Coates
260 ## - PUBLICATION, DISTRIBUTION, ETC. (IMPRINT)
Place of publication, distribution, etc. Quezon City:
Name of publisher, distributor, etc. UP Press,
Date of publication, distribution, etc. c1995.
300 ## - PHYSICAL DESCRIPTION
Extent xxviii, 459 p. ;
Dimensions 23 cm.
650 #0 - SUBJECT ADDED ENTRY--TOPICAL TERM
9 (RLIN) 20268
Topical term or geographic name as entry element Rizal, Jose, 1861-1896.
700 ## - ADDED ENTRY--PERSONAL NAME
9 (RLIN) 20269
Personal name Ocampo, Nilo S.
Relator term Translator
942 ## - ADDED ENTRY ELEMENTS (KOHA)
Source of classification or shelving scheme Dewey Decimal Classification
Koha item type Filipiniana
Holdings
Withdrawn status Lost status Source of classification or shelving scheme Damaged status Not for loan Collection code Home library Current library Date acquired Source of acquisition Total Checkouts Full call number Barcode Date last seen Price effective from Koha item type
    Dewey Decimal Classification     Filipiniana UM Digos College - LIC UM Digos College - LIC 05/20/2004 Purchased   DFil 920 Oc1m 1995 17181 05/15/2025 04/25/2017 Filipiniana